000 00933nam a22003137a 4500
001 BR7603009
003 BR-BrBNA
005 20230928085009.0
007 ta
008 230509b bl.||||| |||| 00| 0 por d
040 _aBR-BrBNA
_bpor
_cBiblioteca Nacional de Agricultura
041 _a(Por)
072 _aF60
_b3575
_b1740
090 _ 3575 BR7603009
100 1 _aBianchetti, A.
110 1 _aUniversidade Federal de Pelotas, RS (Brasil)
_0Tese (Mestrado)
_910876
245 1 _aVelocidade de germinacao e energia germinativa de sementes de cebola (Allium cepa L). [Teste de vigor]
260 3 _aPelotas, RS (Brasil):
_c1976.
300 _a157 p.
500 _a53 tables; Summaries (Eng, Por)
650 _aFisiologia vegetal
650 _aSemente
650 _aCebola
650 _aGerminacao
650 _aPoder germinativo
650 _aTeste de vigor
909 _a202309
_bLucia
_c55
_dLucia Elande
942 _cBK
999 _c22310
_d22310